• 首页
  • 本馆介绍
  • 公告通知
  • 最新文献
  • 馆藏检索
  • 电子资源
  • 读者导购
  • 参考咨询
  • 我的图书馆
  • 登录
  • 详细信息显示
  • 放入我的书架
  • 预约/预借图书
  • 作者相关作品
  • 分类相关作品
  • 丛书相关作品
  • 出版社相关作品

书目信息

  • 表格格式
  • 工作单格式
  • 卡片格式
题名:
月光的合金
    
 
作者: 格丽克 著 ;柳向阳 译
分册:  
出版信息: 上海   上海人民出版社  2016
页数: 421页
开本: 21cm
丛书名:
单 册:
中图分类: I712.25
科图分类:
主题词: 诗集--美国--现代
电子资源:
ISBN: 978-7-208-13399-0
000 01120nam0 2200265 450
001 2135925145
005 20210107095855.77
010    @a978-7-208-13399-0@b精装@dCNY69.00
096    @aI712.2@bglk
100    @a20160601d2016 em y0chiy50 ea
101 1  @achi@ceng
102    @aCN@b310000
105    @ay z 000gy
200 1  @a月光的合金@9yue guang de he jin@b专著@f(美)露易丝·格丽克著@g柳向阳译
210    @a上海@c上海人民出版社@d2016
215    @a421页@d21cm
300    @a沉默的经典 第二辑
314    @a露易丝·格丽克 (Louise Gluck),美国桂冠诗人,1968年出版处女诗集《头生子》。
330    @a本书收录了格丽克的四本诗集,《野鸢尾》、《草场》、《新生》、《七个时期》,均为成熟期的重要作品。格丽克的诗歌有很强的神话根基,但又立足于个人的经验,语言表达上直接而严肃,少加雕饰,经常用一种神谕的口吻。格丽克总是聚焦于生、死、爱、性、存在等既具体又抽象的方面,保证了其诗作接近伟大诗歌的可能。
606 0  @a诗集@y美国@z现代
690    @aI712.25@v5
701  0 @c(美)@a格丽克@9ge li ke@c(Gluck, Louise)@4著
702  0 @a柳向阳@9liu xiang yang@4译
801  2 @aCN@b58marc.cn@c20100920
905    @aZUCC@dI712.25@e4
    
    月光的合金/(美)露易丝·格丽克著/柳向阳译.-上海:上海人民出版社,2016
    421页;21cm
    沉默的经典 第二辑
    
    ISBN 978-7-208-13399-0(精装):CNY69.00
    本书收录了格丽克的四本诗集,《野鸢尾》、《草场》、《新生》、《七个时期》,均为成熟期的重要作品。格丽克的诗歌有很强的神话根基,但又立足于个人的经验,语言表达上直接而严肃,少加雕饰,经常用一种神谕的口吻。格丽克总是聚焦于生、死、爱、性、存在等既具体又抽象的方面,保证了其诗作接近伟大诗歌的可能。
●
相关链接 在五车中查询图书 在当当中查询图书 在豆瓣中查询图书


正题名:月光的合金     索取号:I712.25/4         预约/预借

序号 登录号 条形码 馆藏地/架位号 状态 备注
1 2000879517   2000879517   第一书库/ [索取号:I712.25/4] 在馆    
2 2000879518   2000879518   第一书库/ [索取号:I712.25/4] 在馆    
3 2000879519   2000879519   第一书库/ [索取号:I712.25/4] 在馆    
山东省滨州职业学院图书馆 欢迎您!
大连网信软件有限公司© 版权所有